Statistiques concernant Roméo-Elvis : le titre est dans les paroles

Cliquez ici pour prendre le quiz!

Statistiques générales

  • Ce quiz a été pris 25 fois
  • Le résultat moyen est 6 sur 9

Statistiques - réponses

HintRéponse% Correct
Mais j'suis trop bien avec toi (avec toi)
Avec toi (avec toi)
Le ____ renaît dans ma vie
soleil
100%
Cette histoire me rend ___
___, j'ai mal à la tête
Mais j'aimerais casser la mienne
Pour un peu mieux me sentir
malade
81%
Tout, il faudrait ___ ___
Pour y croire, il faudrait ___ ___ (en featuring avec une chanteuse qu'il connait particulièrement bien)
tout oublier
81%
En voilà une ___ ___ ___
J'aurais pas passé des mois à t'faire la cour
Si j'avais d'autres femmes en tête
drôle de question
62%
___ ___ dans la soirée, personne peut me stopper
Ferme les stores, on va retarder demain (en toutes lettres)
mille degrés
62%
___ ___, on est serrés dans une caisseBruxelles arrive
57%
Ne laisse pas le ___ danser
Laisse pas le ___ danser sur tes plates-bandes, laisse pas
diable
52%
___ ___ ___ comme Ben Mazué
Je pense à des choses
Et le temps paraît se prolonger
Je fais une maquette
Je l'exporte, je l'écoute et je marche, Satisfaction du jour de congé
quand je marche
38%
Et là j'suis ___ mais j'vois que des faux qui s'pensent importants
Parce qu'ils sont haut, niveau réseaux sociaux
chaud
24%

Distribution des résultats

Percentile par nombre de réponses

% des personnes avec chaque résultat

Votre développement - résultats

Vous n’avez pas pris ce quiz